000 00657cab a2200229 4500
001 WB3441-03
008 090401t1998 xxu||||| |||| 00| 0 eng d
035 _a(Sirsi) u89396
041 _aeng
245 _aPlan to speed construction
260 _c1998
350 _a0
490 _aTimes
_v30 October 1998, 30(1)
520 _aA survey of 60 government construction projects shows that three quarters finished late.
650 _aCONSTRUCTION PROJECTS
650 _aCONTRACTORS
650 _aGOVERNMENT CONSTRUCTION PROJECTS
650 _aProcurement-old
690 _aBUILDING AND CONSTRUCTION-PROJECTS
942 _n0
948 _c30/10/1998
999 _c56545
_d56545